[Event "31.Schlosspark-Open"]
[Site "Wiesbaden-Biebrich"]
[Date "2019.08.25"]
[Round "6.84"]
[White "Koepke, Carolina"]
[Black "Kuenne, Lutz"]
[Result "1-0"]
[WhiteElo "1316"]
[BlackElo "1546"]
[PlyCount "111"]
[EventDate "2019.??.??"]
[WhiteTeam "SV Oberursel"]
[BlackTeam "KC Jena"]

1. d4 Nf6 2. Nf3 d5 3. c4 c6 4. Nc3 Bf5 5. Bf4 e6 6. a3 Nbd7 7. e3 Ne4 8. Nxe4
dxe4 9. Nd2 Nf6 10. Be2 Bd6 11. Bxd6 Qxd6 12. c5 Qc7 13. Nc4 Bg6 14. Nd6+ Ke7
15. O-O b5 16. f3 exf3 17. Bxf3 Rad8 18. Qb3 Ne8 19. Ne4 Bxe4 20. Bxe4 Nf6 21.
Bf3 h5 22. a4 Rb8 23. Ra2 a5 24. axb5 Rxb5 25. Qc3 Nd5 26. Bxd5 exd5 27. Rfa1
Rhb8 28. Rb1 Rb3 29. Qxa5 Qxa5 30. Rxa5 Rxe3 31. Ra7+ Kf8 32. Rc7 Re6 33. Rf1
f6 34. Rf2 Rb4 35. Rd2 Ra4 36. Kf2 Ra6 37. b4 Ra3 38. Rb7 Ra6 39. Re2 Rxe2+ 40.
Kxe2 Ra2+ 41. Kf3 Rd2 42. Ke3 Rxg2 43. Rc7 Rb2 44. Rxc6 Rxb4 45. Rb6 Rc4 46.
Rd6 Ke7 47. Rxd5 g6 48. Kf4 Rc2 49. h4 Rc3 50. Rd6 Rc4 51. Ke4 Ra4 52. Kd5 Ra8
53. Re6+ Kf7 54. c6 Re8 55. Rd6 f5 56. c7 1-0

[Event "31.Schlosspark-Open"]
[Site "Wiesbaden-Biebrich"]
[Date "2019.08.25"]
[Round "6.85"]
[White "Vick, Edward"]
[Black "Gerber, Ingo"]
[Result "0-1"]
[WhiteElo "1238"]
[BlackElo "1529"]
[PlyCount "74"]
[EventDate "2019.??.??"]
[WhiteTeam "TuS Makkabi Wiesbaden"]
[BlackTeam "SF Mainz"]

1. e4 e5 2. Nf3 Nf6 3. Nxe5 d6 4. Nf3 Nxe4 5. d3 Nf6 6. Bg5 Be7 7. Nc3 h6 8.
Bxf6 Bxf6 9. d4 d5 10. Bd3 O-O 11. O-O Nc6 12. Re1 Nxd4 13. Nxd4 Bxd4 14. Bh7+
Kxh7 15. Qxd4 Be6 16. Rad1 c6 17. Rd3 Bf5 18. Rg3 Bg6 19. f4 Qb6 20. Qxb6 axb6
21. Re7 d4 22. Ne2 Rxa2 23. Rxb7 Rxb2 24. Nxd4 c5 25. Nb3 Bxc2 26. Nxc5 Rb1+
27. Kf2 bxc5 28. Rc7 Rb3 29. Rxc5 Rxg3 30. Kxg3 Bb3 31. Rc3 Rb8 32. Rc1 Bd5 33.
Kf2 Rb2+ 34. Kf1 Bxg2+ 35. Kg1 Be4 36. Kf1 Rxh2 37. Re1 Rh1+ 0-1

[Event "31.Schlosspark-Open"]
[Site "Wiesbaden-Biebrich"]
[Date "2019.08.25"]
[Round "6.86"]
[White "Kehrein, Lothar"]
[Black "Hedrich, Gerd"]
[Result "0-1"]
[WhiteElo "958"]
[BlackElo "1472"]
[PlyCount "140"]
[EventDate "2019.??.??"]
[WhiteTeam "SK Gau-Algesheim"]
[BlackTeam "Wiesbadener SV"]

1. e4 c6 2. Nf3 d5 3. d3 dxe4 4. dxe4 Qxd1+ 5. Kxd1 Nf6 6. Nc3 Bg4 7. Be2 Nbd7
8. h3 Bh5 9. Be3 Bg6 10. Bd3 e5 11. Re1 Rd8 12. Bxa7 b6 13. Bxb6 Nxb6 14. Nxe5
c5 15. Ke2 c4 16. Nxc4 Nxe4 17. Nxb6 Bc5 18. Nxe4 Bxb6 19. Kf1 O-O 20. Rad1
Rfe8 21. a3 Re6 22. f3 h6 23. b4 Bxe4 24. Rxe4 Rxe4 25. fxe4 Rd6 26. e5 Re6 27.
Re1 Kf8 28. Bc4 Rc6 29. Re4 f6 30. e6 Ke7 31. Ke2 f5 32. b5 Rc7 33. Rf4 g5 34.
Rxf5 Rxc4 35. Rf7+ Kxe6 36. Rh7 Re4+ 37. Kd3 Rh4 38. Kc3 Kd6 39. Kb3 Kc5 40. c4
g4 41. hxg4 Rxg4 42. Rxh6 Rg3+ 43. Ka4 Rxg2 44. Rh5+ Kxc4 45. Rh4+ Kc3 46. Rh3+
Kc2 47. Rh4 Rg3 48. Kb4 Rb3+ 49. Ka4 Rd3 50. Rc4+ Kb2 51. Rb4+ Ka2 52. Re4
Rxa3+ 53. Kb4 Rb3+ 54. Ka4 Ra3+ 55. Kb4 Ba5+ 56. Kc4 Rc3+ 57. Kd5 Kb3 58. Re7
Rd3+ 59. Kc5 Bb4+ 60. Kc6 Bxe7 61. b6 Rc3+ 62. Kb7 Kb4 63. Ka7 Bd6 64. b7 Ra3+
65. Kb6 Bb8 66. Kc6 Ra6+ 67. Kd7 Kb5 68. Kc8 Rb6 69. Kxb8 Kc6 70. Ka8 Kc7 0-1

[Event "31.Schlosspark-Open"]
[Site "Wiesbaden-Biebrich"]
[Date "2019.08.25"]
[Round "6.87"]
[White "Baehrle, Julius"]
[Black "Raima, Jan"]
[Result "1/2-1/2"]
[WhiteElo "1349"]
[BlackElo "1363"]
[PlyCount "86"]
[EventDate "2019.??.??"]
[WhiteTeam "FC Bierstadt"]
[BlackTeam "FC Bierstadt"]

1. d4 Nf6 2. Bf4 c5 3. Nf3 e6 4. h3 Nc6 5. e3 Be7 6. Be2 b6 7. O-O O-O 8. c4 a6
9. a3 Na7 10. b4 Bb7 11. Nc3 h6 12. b5 a5 13. a4 d6 14. d5 e5 15. Bg3 Bc8 16.
Bh4 Nh7 17. Bxe7 Qxe7 18. Qd3 Nf6 19. Nh2 Nd7 20. Nf3 Re8 21. Qe4 Nf8 22. Qh4
Qxh4 23. Nxh4 Bd7 24. Nf3 Ng6 25. Nh2 Nc8 26. Bg4 Bxg4 27. Nxg4 Ra7 28. e4 Rf8
29. Ne3 Nce7 30. Ne2 Rd7 31. Ng3 Nf4 32. Nef5 Nxf5 33. Nxf5 Ne2+ 34. Kh1 Nf4
35. Nh4 Nh5 36. Nf5 Nf6 37. f3 Kh7 38. Ng3 Kg6 39. Rad1 Nh5 40. Nxh5 Kxh5 41.
g4+ Kg6 42. Rd2 Kh7 43. Kh2 f6 1/2-1/2

[Event "31.Schlosspark-Open"]
[Site "Wiesbaden-Biebrich"]
[Date "2019.08.25"]
[Round "6.88"]
[White "Lochmann, Tobias"]
[Black "Sturm, Holger"]
[Result "0-1"]
[WhiteElo "1199"]
[BlackElo "1398"]
[PlyCount "44"]
[EventDate "2019.??.??"]
[WhiteTeam "SV Groß-Gerau"]
[BlackTeam "Schierstein"]

1. c4 g6 2. Nc3 Bg7 3. Na4 Nf6 4. d3 O-O 5. g3 d6 6. Nf3 c5 7. e4 Nc6 8. Bg2
Bg4 9. O-O Qd7 10. h3 Bxh3 11. Bxh3 Qxh3 12. Ng5 Qd7 13. Nc3 Nd4 14. f3 h6 15.
e5 hxg5 16. exf6 Bxf6 17. Nd5 Qh3 18. Re1 Qxg3+ 19. Kf1 Nxf3 20. Nxe7+ Kg7 21.
Nd5 Rh8 22. Ke2 Rae8+ 0-1